Countries With the Most Immigrants - Statistics

General Stats
  • This quiz has been taken 433 times
  • The average score is 15 of 20
Answer Stats
Immigrants in Mil Countries % Correct
2.9 Hong Kong
100%
45.8 United States
100%
7.8 United Kingdom
97%
7.4 France
96%
9.8 Germany
96%
7.3 Canada
95%
6.5 Spain
93%
6.5 Australia
91%
5.7 Italy
91%
11.0 Russia
90%
5.3 India
86%
9.0 Saudi Arabia
69%
7.8 United Arab Emirates
65%
2.6 Iran
57%
4.1 Pakistan
56%
3.7 Thailand
53%
5.2 Ukraine
49%
2.6 Malaysia
48%
3.0 Jordan
26%
3.5 Kazakhstan
25%
No matching quizzes found
Score Distribution
Percent of People with Each Score
Percentile by Number Answered
Your Score History
You have not taken this quiz